| 000 | 00718nam a2200229 a 4500 | ||
|---|---|---|---|
| 003 | BD-DhJNU | ||
| 005 | 20250212045105.0 | ||
| 008 | 250204s2005 ii a b 001 0 eng | ||
| 020 | _a9780071111492 | ||
| 040 |
_aBD-DhJNU _bENG _cBD-DhJNU _dBD-DhJNU |
||
| 082 | 0 | 0 |
_a155.2 LAP _223 |
| 100 | 1 | _aLarsen, Randy J. | |
| 245 | 1 | 0 |
_aPersonality psychology : _bdomains of knowledge about human nature / _cRandy J. Larsen and David M. Buss |
| 250 | _a2nd ed. | ||
| 260 |
_aNew York : _bMcGraw-Hill, _c2005. |
||
| 300 |
_axxviii, 651 [Various] p. : _bill. ; _c27 cm. |
||
| 504 | _aIncludes bibliographical references and index. | ||
| 650 | 0 | _aPsychology | |
| 650 | 0 | _aHuman nature | |
| 700 | 1 | _aBuss, David M. | |
| 942 | _cBK | ||
| 999 |
_c1307 _d1307 |
||